| 000 | 00338nam a22001097a 4500 | ||
|---|---|---|---|
| 008 | 160622b xxu||||| |||| 00| 0 eng d | ||
| 100 |
_9595 _aCompetition Review Pvt. Ltd. |
||
| 245 | _aIndian Institute of Technology Examination | ||
| 260 |
_aN.D _b Competition Review |
||
| 300 | _aIndian Institute of Technology Examination | ||
| 942 |
_2ddc _cBK |
||
| 999 |
_c489 _d489 |
||